000 00489nam a2200205Ia 4500
001 13234
003 GE_BSU
008 181216s||||||||xx |||||||||||||| ||und||
020 _a9780099538950
040 _cGE_BSU
080 _a821.111-312.4
100 _aPatterson,James.
245 _aRun For Your Life & Michael Ledwidge.
260 _aLondon.
260 _bArrow Books.
260 _c2009
300 _a387p;20cm.
653 _aRun For Your Life & Michael Ledwidge.
942 _cBK
999 _c46398
_d46398